Central Library OPAC University of Rajshahi

সত্যানুসণ / (Record no. 41581)

MARC details
000 -LEADER
fixed length control field 00882nam a2200229 a 4500
001 - CONTROL NUMBER
control field 41581
003 - CONTROL NUMBER IDENTIFIER
rucl marc code BD-RjUL
005 - DATE AND TIME OF LATEST TRANSACTION
control field 20211209053421.0
008 - FIXED-LENGTH DATA ELEMENTS--GENERAL INFORMATION
fixed length control field 160602m19721988bg a|||| |||| 00| 0 ben d
020 ## - INTERNATIONAL STANDARD BOOK NUMBER
Terms of availability :Tk.8.00
035 ## - SYSTEM CONTROL NUMBER
System control number (BD-RjUL)41699
040 ## - CATALOGING SOURCE
Original cataloging agency BD-RjUL
Language of cataloging ben
Transcribing agency BD-RjUL
041 ## - LANGUAGE CODE
Language code of text/sound track or separate title ben
082 ## - DEWEY DECIMAL CLASSIFICATION NUMBER
Edition number 23
Classification number 297.5
Author mark and year ONS 1988
100 ## - MAIN ENTRY--PERSONAL NAME
Personal name অনুকূলচন্দ্র, শ্রীশ্রীঠাকুর
9 (RLIN) 127759
245 10 - TITLE STATEMENT
Title সত্যানুসণ /
Statement of responsibility, etc. শ্রীশ্রীঠাকুর অনুকূলচন্দ্র
260 ## - PUBLICATION, DISTRIBUTION, ETC. (IMPRINT)
Place of publication, distribution, etc. পাবনা :
Name of publisher, distributor, etc. সৎসঙ্গ পাবলিশিং হাউজ,
Date of publication, distribution, etc. ১৯৮৮
300 ## - PHYSICAL DESCRIPTION
Pagination [৮], ১১৯ পৃ. :
Illustrations চিত্র ;
Size ১২ সেমি.
650 ## - SUBJECT ADDED ENTRY--TOPICAL TERM
Topical term or geographic name as entry element ইসলামিক চিন্তাধারা
9 (RLIN) 127760
Topical term or geographic name as entry element Islami ethics
9 (RLIN) 127761
942 ## - ADDED ENTRY ELEMENTS (KOHA)
Source of classification or shelving scheme Dewey Decimal Classification
Koha item type Books
Holdings
Lost status Source of classification or shelving scheme Damaged status Not for loan Collection code Permanent Location Current Location Shelving location Date acquired Source of acquisition Cost, normal purchase price Total Checkouts Full call number Date last seen Copy number Koha item type
  Dewey Decimal Classification     Non-fiction Central Library, University of Rajshahi Central Library, University of Rajshahi   11/08/1991 Sowkat Osman 8.00   B 297.5 ONS 1988 02/06/2016 C-2 Books